000 00637nam a2200133Ia 4500
008 100328s9999 xx 000 0 und d
082 _b65831
100 _aगाडे सोपान.
245 _aमहाराष्ट्राचे मुख्यमंत्री-वसंतदादा पाटील.
260 _bअविष्कार.
630 _aमहाराष्ट्राचे मुख्यमंत्री-वसंतदादा पाटील.
730 _aमहाराष्ट्राचे मुख्यमंत्री-वसंतदादा पाटील.
942 _cBOOK
999 _c551576
_d551573